Les croisades /

محفوظ في:

المؤلف الرئيسي: Pernoud, Régine, 1909-1998 (مؤلف)

التنسيق: كتاب

اللغة: French

منشور في: Paris : R. Julliard, [1960].

سلاسل: Il y a toujours un reporter.

الموضوعات:

الوسوم: إضافة وسم

لا توجد وسوم, كن أول من يضع وسما على هذه التسجيلة!

رقم الطلب: D158 .P4 1960

LEADER 00615nam a2200229u 4500
001 755
003 OSt
005 20251130092130.0
008 130303s1960 fr a 000 0 fre d
010 |a 61020672 /L 
035 |a rdb05155772 
040 |c ARCE Library 
050 4 |a D158 .P4 1960 
100 1 |a Pernoud, Régine,  |d 1909-1998,  |e author  |9 37485 
245 1 4 |a Les croisades /  |c Régine Pernoud. 
264 1 |a Paris :  |b R. Julliard,  |c [1960]. 
300 |a 322 pages :   |b Illustrations ;   |c 21 cm. 
490 0 |a Il y a toujours un reporter. 
650 0 |a Crusades. 
901 |a reviewed 
942 |c BK  |2 lcc 
999 |c 2935  |d 2935